Теория функций комплексного переменного: учебное пособие

Dades bibliogràfiques
Autor principal: Шабунин М. И. Михаил Иванович
Altres autors: Сидоров Ю. В. Юрий Викторович
Sumari:В учебнике рассматриваются методы теории функций комплексного переменного, которые часто применяются в прикладных задачах: операции с функциями комплексного переменного, разложения в ряды, конформные отображения, вычисление интегралов с помощью вычетов, основы операционного исчисления. В книге разобрано большое количество примеров, помогающих читателю глубже освоить теорию и приобрести навыки решения практических задач. Студентам физико-математических и инженерно-физических специальностей университетов и вузов с расширенной математической подготовкой.
Idioma:rus
Publicat: Москва, Лаборатория знаний, 2016
Edició:3-е изд., испр. и доп.
Col·lecció:Математика
Matèries:
Format: MixedMaterials Llibre
KOHA link:https://koha.lib.tpu.ru/cgi-bin/koha/opac-detail.pl?biblionumber=334504

MARC

LEADER 00000nam0a2200000 4500
001 334504
005 20231102004648.0
010 |a 9785906828057 
035 |a (RuTPU)RU\TPU\book\360750 
035 |a RU\TPU\book\118687 
090 |a 334504 
100 |a 20170829d2016 m y0rusy50 ca 
101 0 |a rus 
102 |a RU 
105 |a a j 001zy 
200 1 |a Теория функций комплексного переменного  |e учебное пособие  |f М. И. Шабунин, Ю. В. Сидоров 
205 |a 3-е изд., испр. и доп. 
210 |a Москва  |c Лаборатория знаний  |d 2016 
215 |a 300 с.  |c ил. 
225 1 |a Математика 
320 |a Библиогр.: с. 295 
330 |a В учебнике рассматриваются методы теории функций комплексного переменного, которые часто применяются в прикладных задачах: операции с функциями комплексного переменного, разложения в ряды, конформные отображения, вычисление интегралов с помощью вычетов, основы операционного исчисления. В книге разобрано большое количество примеров, помогающих читателю глубже освоить теорию и приобрести навыки решения практических задач. Студентам физико-математических и инженерно-физических специальностей университетов и вузов с расширенной математической подготовкой. 
606 1 |a Функции комплексного переменного  |2 stltpush  |3 (RuTPU)RU\TPU\subj\17059  |9 42902 
610 1 |a математика 
610 1 |a теория 
610 1 |a регулярные функции 
610 1 |a аналитические функции 
610 1 |a вычеты 
610 1 |a конформные отображения 
610 1 |a операционное исчисление 
610 1 |a учебники 
675 |a 517.53(075.8)  |v 3 
700 1 |a Шабунин  |b М. И.  |g Михаил Иванович 
701 1 |a Сидоров  |b Ю. В.  |g Юрий Викторович 
801 1 |a RU  |b 63413507  |c 20070215  |g PSBO 
801 2 |a RU  |b 63413507  |c 20170908  |g PSBO 
900 |a Высшая математика 
900 |a Теория функций комплексного переменного 
942 |c BK 
952 |a 540000